000 00493nam a22001937a 4500
005 20251108171234.0
008 250721s1984 xx 000 0 ara d
082 1 4 _a028.1/طه
100 1 _aحسين، طه
245 1 0 _aكتب و مؤلفون /
250 _aط2
264 1 _aبيروت :
_bدار العلم للملايين،
_c1984.
300 _a317ص
650 1 7 _aنقد الكتب
650 1 7 _aالكتب
650 1 7 _aالقراءة
942 _2ddc
_cBK
999 _c60154
_d60154